| 000 | 00436cam a22001457a 4500 | ||
|---|---|---|---|
| 008 | 180718b2001 xxu||||| |||| 00| 0 eng d | ||
| 020 | _a0750697180 | ||
| 082 | _aI573 P953 | ||
| 245 |
_aKnowledge in organizations _cedited by Laurence Prusak |
||
| 260 |
_aBoston _bButterworth-Heinemann _c2001 |
||
| 300 | _a261p. | ||
| 440 | _aResource for the knowledge-based economy | ||
| 650 | _aOrganizational learning | ||
| 700 | _aPrusak, Laurence | ||
| 999 |
_c396100 _d396100 |
||